Gminy powiatu tczewskiego (z mapą) - Statystyki

Ogólne statystyki
  • Ten quiz został rozwiązany 26 razy
  • Średni wynik to 5 z 6
Odpowiedzi na mapie
Odpowiedzi zakodowano w zielono-czerwonej skali na mapie do tego quizu, zgodnie z poniższymi procentami.
 
Statystyki odpowiedzi
Typ gminy Gmina % Poprawnych
Miejska Tczew
94%
Wiejska Tczew
94%
Miejsko-wiejska Gniew
83%
Miejsko-wiejska Pelplin
83%
Wiejska Subkowy
72%
Wiejska Morzeszczyn
61%
Nie znaleziono quizów pasujących do podanych kryteriów
Rozkład punktacji
Procent ludzi z każdym wynikiem
Percentyl według liczby udzielonych odpowiedzi
Twoja historia wyników
Nie rozwiązałeś tego quizu